Poems, 1957-1967.

Bibliographic Details
Main Author: Dickey, James
Format: Book
Language:English
Published: Middletown, Conn. : Wesleyan University Press, [1967]
Edition:[1st ed.].

MARC

Tag First Indicator Second Indicator Subfields
LEADER 00000cam a2200000 4500
001 in00000032931
005 20151007063254.0
008 761025s1967 ctu 00000 eng
010 |a  67015230  
035 |a (OCoLC)02529087 
035 |9 AAD6978AM 
040 |a DLC  |c OHI  |d TXA  |d UtOrBLW 
049 |a TXAM [Also in] [Wein]  |c 1 [472555], 2 [A09511372] 
050 0 |a PS3554.I32  |b A6 1967 
082 0 |a 811/.5/4 
100 1 |a Dickey, James. 
245 1 0 |a Poems, 1957-1967. 
250 |a [1st ed.]. 
264 1 |a Middletown, Conn. :  |b Wesleyan University Press,  |c [1967] 
300 |a xv, 299 pages ;  |c 24 cm. 
336 |a text  |b txt  |2 rdacontent 
337 |a unmediated  |b n  |2 rdamedia 
338 |a volume  |b nc  |2 rdacarrier 
536 |a Poetry browsing collection: gift of Eleanor Weinbaum family. 
999 |a MARS 
999 f f |s 39893ced-84e6-3738-a7c2-6ca614dba0ae  |i 0527a376-0410-3357-aa11-b7d3de3c1cae  |t 0 
952 f f |p normal  |a Texas A&M University  |b College Station  |c Sterling C. Evans Library  |d Evans: Library Stacks  |t 0  |e PS3554.I32 A6 1967  |h Library of Congress classification  |i unmediated -- volume  |m A14809511372 
998 f f |a PS3554.I32 A6 1967  |t 0  |l Evans: Library Stacks